| 000 | 00394nam a22001577a 4500 | ||
|---|---|---|---|
| 005 | 20180720161108.0 | ||
| 008 | 160614b xxu||||| |||| 00| 0 eng d | ||
| 041 | _aeng | ||
| 082 |
_b7390 _a658.3 |
||
| 100 |
_aMamoria, Dr.C.B & Gankar, S.V _94608 |
||
| 245 | _aPersonal Management | ||
| 260 |
_bHIMALAYA PUBLISHING HOUSE _aMUMBAI |
||
| 300 | _a920p, | ||
| 650 |
_aManagement _9241 |
||
| 942 | _cBK | ||
| 999 |
_c2631 _d2630 |
||